Ασκήσεις στατιστικής
Αποθηκεύτηκε σε:
| Κύριος συγγραφέας: | |
|---|---|
| Μορφή: | Βιβλίο |
| Γλώσσα: | Greek |
| Δημοσίευση: |
Θεσσαλονίκη :
Ζυγός,
c2001
|
| Έκδοση: | 2η εκδ. |
| Θέματα: | |
| Ετικέτες: |
Προσθήκη ετικέτας
Δεν υπάρχουν, Καταχωρήστε ετικέτα πρώτοι!
|
MARC
| LEADER | 00000cam a2200000 i 4500 | ||
|---|---|---|---|
| 001 | 1/28077 | ||
| 008 | 021017s2001 gre d | ||
| 020 | |a 960-8065-23-2 | ||
| 035 | |l 10068553 | ||
| 040 | |a GR-MY-UA |b gre |e aacr | ||
| 041 | 0 | |a gre | |
| 082 | 0 | |a 519.5 |2 (21) | |
| 100 | 1 | |a Ζαχαροπούλου, Χρυσούλα. | |
| 245 | 1 | 0 | |a Ασκήσεις στατιστικής / |c Χρυσούλα Ζαχαροπούλου |
| 250 | |a 2η εκδ. | ||
| 260 | |a Θεσσαλονίκη : |b Ζυγός, |c c2001 | ||
| 300 | |a 569 σ.; |b πιν.; |c 24 εκ. | ||
| 500 | |a Στο βιβλίο αυτό περιέχονται όλες οι άλυτες ασκήσεις του εγχειριδίου "Στατιστική : μέθοδοι - εφαρμογές", της ίδιας συγγραφέως. | ||
| 504 | |a Βιβλιογραφία: (σ. [527]-528) | ||
| 650 | 0 | 0 | |a Mathematical statistics |v Problems, exercises, etc. |
| 852 | |a INST |b SYROS |e 20021017 |h 519.5 ZAX |p 005500000123 |q 005500000123 |t BK |y 0 | ||
| 852 | |a INST |b SYROS |e 20021017 |h 519.5 ZAX |p 005500000124 |q 005500000124 |t BK |y 0 | ||
| 852 | |a INST |b SYROS |e 20021017 |h 519.5 ZAX |p 005500000125 |q 005500000125 |t BK |y 0 | ||
| 852 | |a INST |b SYROS |e 20021017 |h 519.5 ZAX |p 005500000126 |q 005500000126 |t BK |y 0 | ||
| 852 | |a INST |b SYROS |e 20021017 |h 519.5 ZAX |p 005500000127 |q 005500000127 |t BK |y 0 | ||
| 852 | |a INST |b SYROS |e 20041207 |h 519.5 ZAX |p 005500003796 |q 005500003796 |t BK |y 0 | ||
| 901 | |a BIBL5-2002-3 | ||
| 909 | |a Ε |b 089025 | ||
| 909 | |a Ε |b 089023 | ||
| 909 | |a Ε |b 089024 | ||
| 909 | |a Ε |b 089026 | ||
| 909 | |a Ε |b 089027 | ||
| 909 | |a Ε |b 116028 | ||
| 970 | |a ΚΑΓΙΑΒΑ |b ΕΙΡΗΝΗ |z 2002/10/17 | ||